<?xml version="1.0" encoding="UTF-8"?>
<record
    xmlns:xsi="http://www.w3.org/2001/XMLSchema-instance"
    xsi:schemaLocation="http://www.loc.gov/MARC21/slim http://www.loc.gov/standards/marcxml/schema/MARC21slim.xsd"
    xmlns="http://www.loc.gov/MARC21/slim">

  <leader>04108nab a22008417  4500</leader>
  <controlfield tag="003">AR-RoUNA</controlfield>
  <datafield tag="022" ind1=" " ind2=" ">
    <subfield code="a">0327-9022</subfield>
  </datafield>
  <datafield tag="040" ind1=" " ind2=" ">
    <subfield code="a">AR-RoUNA</subfield>
    <subfield code="b">spa</subfield>
  </datafield>
  <datafield tag="041" ind1=" " ind2=" ">
    <subfield code="a">spa</subfield>
  </datafield>
  <datafield tag="044" ind1=" " ind2=" ">
    <subfield code="a">ag</subfield>
  </datafield>
  <datafield tag="245" ind1=" " ind2=" ">
    <subfield code="a">Summa+</subfield>
  </datafield>
  <datafield tag="260" ind1=" " ind2=" ">
    <subfield code="a">Buenos Aires (Argentina):</subfield>
    <subfield code="c">Donn SA,</subfield>
    <subfield code="b">1993.</subfield>
  </datafield>
  <datafield tag="300" ind1=" " ind2=" ">
    <subfield code="a">176 p. :</subfield>
    <subfield code="b">il. byn.</subfield>
    <subfield code="b">planos</subfield>
    <subfield code="c">34X25 cm.</subfield>
  </datafield>
  <datafield tag="505" ind1="0" ind2=" ">
    <subfield code="t">ARQUITECTURA</subfield>
  </datafield>
  <datafield tag="505" ind1="0" ind2=" ">
    <subfield code="a">Alfonso Corona Mart&#xED;nez / Lugar de testimonios. p. 42</subfield>
  </datafield>
  <datafield tag="505" ind1="0" ind2=" ">
    <subfield code="a">Clorindo Testa, Juan Fontana, arqs. / Colegio de escribanos de la Capital Federal, 1999. p. 66</subfield>
  </datafield>
  <datafield tag="505" ind1="0" ind2=" ">
    <subfield code="a">Fernando Diez / Formaci&#xF3;n en el puerto. p. 78</subfield>
  </datafield>
  <datafield tag="505" ind1="0" ind2=" ">
    <subfield code="a">Manteola-S&#xE1;nchez G&#xF3;mez,-Santos,-Solsona-Sallaberry-arqs. / Edificio Costeros, Puerto Madero, Buenos Aires, 1999. p. 78</subfield>
  </datafield>
  <datafield tag="505" ind1="0" ind2=" ">
    <subfield code="a">Enrique Browne / Oficinas para Pioneer Chile SA, 1998. p. 88</subfield>
  </datafield>
  <datafield tag="505" ind1="0" ind2=" ">
    <subfield code="t">CIUDAD Y ECOLOGIA</subfield>
  </datafield>
  <datafield tag="505" ind1="0" ind2=" ">
    <subfield code="a">Vicente del Rio / Redibujado el paisaje carioca: Los proyectos Rio Ciudad y Favela Barrio. p. 94</subfield>
  </datafield>
  <datafield tag="505" ind1="0" ind2=" ">
    <subfield code="t">INTERIORES</subfield>
  </datafield>
  <datafield tag="505" ind1="0" ind2=" ">
    <subfield code="a">Cayetana Merc&#xE9;  / Prueba superada. p. 98</subfield>
  </datafield>
  <datafield tag="505" ind1="0" ind2=" ">
    <subfield code="a">AFRA-Armendares, Ferreiro, Rey arqs. / Estudios de arquitectura y Dise&#xF1;o, Buenos Aires, Argenina, 1999. p. 98</subfield>
  </datafield>
  <datafield tag="505" ind1="0" ind2=" ">
    <subfield code="a">Roberto Amette y Roberto Busnelli arqs. / Showroom, Oficinas y estudio, Buenos Aires, Argenitna, 1998. p. 102</subfield>
  </datafield>
  <datafield tag="505" ind1="0" ind2=" ">
    <subfield code="t">REPORTAJE</subfield>
  </datafield>
  <datafield tag="505" ind1="0" ind2=" ">
    <subfield code="a">Fredy Massad y Alicia Guerrero Yeste /  El ultimo grito. Entrevista a Ben van Berkel y Carolina Bos (UN Studio). p.110</subfield>
  </datafield>
  <datafield tag="505" ind1="0" ind2=" ">
    <subfield code="a">Ben van Berkel y Caroline Bos / (UN Studio)/ Casa Moebius, Holanda, 1998. p. 114</subfield>
  </datafield>
  <datafield tag="505" ind1="0" ind2=" ">
    <subfield code="t">ARTE</subfield>
  </datafield>
  <datafield tag="505" ind1="0" ind2=" ">
    <subfield code="a">Jorge Glusberg / Paul Klee. Pintor de lo invisible. Exposici&#xF3;n en el Museo Nacional de Bellas Artes. p. 122</subfield>
  </datafield>
  <datafield tag="505" ind1="0" ind2=" ">
    <subfield code="t">DISE&#xD1;O GRAFICO</subfield>
  </datafield>
  <datafield tag="505" ind1="0" ind2=" ">
    <subfield code="a">Angela Vassallo /  Reconocer l talento. Trabajos de H&#xE9;ctor Totolano. p.128</subfield>
  </datafield>
  <datafield tag="505" ind1="0" ind2=" ">
    <subfield code="t">DOCUMENTOS</subfield>
  </datafield>
  <datafield tag="505" ind1="0" ind2=" ">
    <subfield code="a">Ram&#xF3;n Gutierrez y Patricia M&#xE9;ndez / Alberto Prebisch, testimonios del siglo que se fue. p. 132</subfield>
  </datafield>
  <datafield tag="505" ind1="0" ind2=" ">
    <subfield code="t">DISE&#xD1;O INDUSTRIAL</subfield>
  </datafield>
  <datafield tag="505" ind1="0" ind2=" ">
    <subfield code="a">Gonzalo Casals / Espa&#xF1;a al dia. Feria Internacional Ofitec 2000, en Madrid. p .140</subfield>
  </datafield>
  <datafield tag="505" ind1="0" ind2=" ">
    <subfield code="t">OTRA MIRADA A LA ARQUITECTURA SIN BARRERAS</subfield>
  </datafield>
  <datafield tag="505" ind1="0" ind2=" ">
    <subfield code="a">Clotilde Amengual / Accesibilidad al medio f&#xED;sico. p.146 </subfield>
  </datafield>
  <datafield tag="505" ind1="0" ind2=" ">
    <subfield code="a">Patricia Canedo / Escuela alternativa. p. 148</subfield>
  </datafield>
  <datafield tag="505" ind1="0" ind2=" ">
    <subfield code="a">Arturo Shimamoto / Ingreso irrestricto . p. 150</subfield>
  </datafield>
  <datafield tag="505" ind1="0" ind2=" ">
    <subfield code="a">Fredy Massad y Alicia Guerrero Yeste / Normativa Catalana. p.152</subfield>
  </datafield>
  <datafield tag="505" ind1="0" ind2=" ">
    <subfield code="a">Deporte para todos Aldo Barbieri. p.154</subfield>
  </datafield>
  <datafield tag="505" ind1="0" ind2=" ">
    <subfield code="t">TESTIMONIOS</subfield>
  </datafield>
  <datafield tag="505" ind1="0" ind2=" ">
    <subfield code="a">Diana Cabeza / Entrevistas a tres personas discapacitadas. p. 158.</subfield>
  </datafield>
  <datafield tag="505" ind1="0" ind2=" ">
    <subfield code="a">Eduardo Frank / Informarse previamente. Libro: Vejez, arquitectura y sociedad por . p.161</subfield>
  </datafield>
  <datafield tag="505" ind1="0" ind2=" ">
    <subfield code="a">Jorge Resta / Foto-Realidad. p.162</subfield>
  </datafield>
  <datafield tag="505" ind1="0" ind2=" ">
    <subfield code="t">FRAGMENTOS - FOTOGRAFIA</subfield>
  </datafield>
  <datafield tag="505" ind1="0" ind2=" ">
    <subfield code="a">Graciela Melgarejo / Una convocatoria feliz. 30x30, Concurso fotogr&#xE1;fico de La Naci&#xF3;n  p. 164</subfield>
  </datafield>
  <datafield tag="505" ind1="0" ind2=" ">
    <subfield code="t">UNIVERSITARIAS</subfield>
  </datafield>
  <datafield tag="505" ind1="0" ind2=" ">
    <subfield code="a">Ricardo C. Asin / Bases para el estudio del espacio urbano. Ense&#xF1;anza y di&#xE1;logo con la ciudad real. p. 166</subfield>
  </datafield>
  <datafield tag="505" ind1="0" ind2=" ">
    <subfield code="t">TEXTURAS</subfield>
  </datafield>
  <datafield tag="505" ind1="0" ind2=" ">
    <subfield code="a">Roberto Fern&#xE1;ndez / El fin del mito naturalista. p. 168</subfield>
  </datafield>
  <datafield tag="505" ind1="0" ind2=" ">
    <subfield code="t">HOMENAJE</subfield>
  </datafield>
  <datafield tag="505" ind1="0" ind2=" ">
    <subfield code="a">Cesar Naselli y Noemi Goyt&#xED;a / Eduardo Sacriste 1905-1999. p.169</subfield>
  </datafield>
  <datafield tag="505" ind1="0" ind2=" ">
    <subfield code="t">REVELACIONES</subfield>
  </datafield>
  <datafield tag="505" ind1="0" ind2=" ">
    <subfield code="a">Mario Sabugo / Disney Paris. p.174</subfield>
  </datafield>
  <datafield tag="505" ind1="0" ind2=" ">
    <subfield code="t">POST-SCRIPTUM</subfield>
  </datafield>
  <datafield tag="505" ind1="0" ind2=" ">
    <subfield code="a">Ruth Verde Zein / Siete motivos para la inexistencia de la cr&#xED;tica en Am&#xE9;rica Latina, o aun la prueba de su existencia. p. 176</subfield>
  </datafield>
  <datafield tag="600" ind1=" " ind2="7">
    <subfield code="9">2386</subfield>
    <subfield code="a">Berkel, Ben van</subfield>
    <subfield code="d">1957-</subfield>
  </datafield>
  <datafield tag="600" ind1=" " ind2="0">
    <subfield code="9">3334</subfield>
    <subfield code="a">Prebisch, Alberto, </subfield>
    <subfield code="d">1899-1970.</subfield>
  </datafield>
  <datafield tag="600" ind1=" " ind2="0">
    <subfield code="9">2979</subfield>
    <subfield code="a">Koolhaas, Rem, </subfield>
    <subfield code="d">1944-</subfield>
  </datafield>
  <datafield tag="600" ind1=" " ind2="0">
    <subfield code="a">Klee</subfield>
    <subfield code="9">26988</subfield>
  </datafield>
  <datafield tag="650" ind1=" " ind2=" ">
    <subfield code="a">Arquitectura contepor&#xE1;nea</subfield>
    <subfield code="9">26982</subfield>
  </datafield>
  <datafield tag="650" ind1=" " ind2=" ">
    <subfield code="a">Ecologia</subfield>
    <subfield code="9">2737</subfield>
  </datafield>
  <datafield tag="650" ind1=" " ind2=" ">
    <subfield code="a">Dise&#xF1;o gr&#xE1;fico</subfield>
    <subfield code="9">1446</subfield>
  </datafield>
  <datafield tag="650" ind1=" " ind2=" ">
    <subfield code="a">Dise&#xF1;o industrial</subfield>
    <subfield code="9">979</subfield>
  </datafield>
  <datafield tag="653" ind1=" " ind2=" ">
    <subfield code="a">Arquitectura sin barreras</subfield>
  </datafield>
  <datafield tag="773" ind1="0" ind2=" ">
    <subfield code="a">Summa+</subfield>
    <subfield code="d">Buenos Aires, Argentina</subfield>
    <subfield code="g">N&#xBA;42 (abr-may 2000), p. 176</subfield>
    <subfield code="x">0327-9022</subfield>
  </datafield>
  <datafield tag="908" ind1=" " ind2=" ">
    <subfield code="a">Imp</subfield>
  </datafield>
  <datafield tag="942" ind1=" " ind2=" ">
    <subfield code="2">udc</subfield>
    <subfield code="c">ART</subfield>
  </datafield>
  <datafield tag="945" ind1=" " ind2=" ">
    <subfield code="d">2022-07-08</subfield>
  </datafield>
  <datafield tag="980" ind1=" " ind2=" ">
    <subfield code="6">138</subfield>
    <subfield code="a">Carolina Rainero</subfield>
    <subfield code="8">5</subfield>
    <subfield code="g">Mar&#xED;a Machado</subfield>
  </datafield>
  <datafield tag="999" ind1=" " ind2=" ">
    <subfield code="c">11845</subfield>
    <subfield code="d">11845</subfield>
  </datafield>
  <datafield tag="952" ind1=" " ind2=" ">
    <subfield code="0">0</subfield>
    <subfield code="1">0</subfield>
    <subfield code="2">udc</subfield>
    <subfield code="4">0</subfield>
    <subfield code="7">0</subfield>
    <subfield code="a">AR-RoUNA</subfield>
    <subfield code="b">AR-RoUNA</subfield>
    <subfield code="d">2025-03-12</subfield>
    <subfield code="e">Don</subfield>
    <subfield code="l">0</subfield>
    <subfield code="p">1002603</subfield>
    <subfield code="r">2025-03-12</subfield>
    <subfield code="t">ej. 1</subfield>
    <subfield code="w">2025-03-12</subfield>
    <subfield code="y">ART</subfield>
    <subfield code="k">K6</subfield>
    <subfield code="x"></subfield>
  </datafield>
</record>
